Łuck na Wołyniu, (Record no. 16565)

MARC details
000 -LEADER
fixed length control field 00815cam a22002411 4500
001 - CONTROL NUMBER
control field ca 30000005
003 - CONTROL NUMBER IDENTIFIER
control field DLC
005 - DATE AND TIME OF LATEST TRANSACTION
control field 20260227111122.0
008 - FIXED-LENGTH DATA ELEMENTS--GENERAL INFORMATION
fixed length control field 921013s1922 pl a b 000 0 pol
010 ## - LIBRARY OF CONGRESS CONTROL NUMBER
LC control number ca 30000005
035 ## - SYSTEM CONTROL NUMBER
System control number (OCoLC)26780207
040 ## - CATALOGING SOURCE
Original cataloging agency DLC
Transcribing agency CU
Modifying agency DLC
042 ## - AUTHENTICATION CODE
Authentication code premarc
050 00 - LIBRARY OF CONGRESS CALL NUMBER
Classification number DK651.L85
Item number W6
100 1# - MAIN ENTRY--PERSONAL NAME
Personal name Wojnicz, Adam.
245 00 - TITLE STATEMENT
Title Łuck na Wołyniu,
Remainder of title opis historyczno-fizjograficzny,
Statement of responsibility, etc. przez dr. Adama Wojnicza; z fotografjami Jana Suszyńskiego, oraz z dopełnieniem i fotografjami budowniczego Konstantego Teleżynskiego.
260 ## - PUBLICATION, DISTRIBUTION, ETC.
Place of publication, distribution, etc. Łuck,
Date of publication, distribution, etc. 1922.
300 ## - PHYSICAL DESCRIPTION
Extent 96 p.
Other physical details illus. (incl. ports., plans, facsim.)
Dimensions 25 cm.
502 ## - DISSERTATION NOTE
Dissertation note Thesis--Warsaw.
500 ## - GENERAL NOTE
General note Thesis note on label mounted on cover.
504 ## - BIBLIOGRAPHY, ETC. NOTE
Bibliography, etc. note "Literatura": p. 93.
651 #0 - SUBJECT ADDED ENTRY--GEOGRAPHIC NAME
Geographic name Lutzk (Poland)

No items available.

Powered by Koha